Taking sides Clashing views in science, technology, and society

UNIT 1. The place of science and technology in society -- Does politics come before science in current government decision making? -- Should government restrict the publication of unclassified but "sensitive" research? -- Should the Internet be neutral? -- UNIT 2. The environment -- Should...

Cijeli opis

Spremljeno u:
Bibliografski detalji
Daljnji autori: Easton, Thomas A.
Format: Knjiga
Jezik:English
Izdano: Boston McGraw-Hill Higher Education 2009
Izdanje:8th ed., expanded
Serija:Taking sides
Teme:
Oznake: Dodaj oznaku
Bez oznaka, Budi prvi tko označuje ovaj zapis!
Thư viện lưu trữ: Mạng thư viện Đại học Đà Nẵng
LEADER 02763nam a2200409 4500
001 000018571
003 15003
005 20131204161233.0
008 131125s2009 engsd
020 |a 9780073515359 (pbk.)  |a 0073515353 (pbk.) 
041 0 |a eng 
082 0 0 |a 306.45  |b Ta-S 
245 0 0 |a Taking sides  |b Clashing views in science, technology, and society  |c selected, edited, and with introductions by Thomas A. Easton. 
246 3 0 |a Clashing views in science, technology and society 
246 3 0 |a Science, technology and society 
250 |a 8th ed., expanded 
260 |a Boston  |b McGraw-Hill Higher Education  |c 2009 
300 |a xxviii, 444 p.  |c 24 cm. 
490 |a Taking sides  |x 1098-5417 
504 |a Includes bibliographical references and index. 
520 3 |a UNIT 1. The place of science and technology in society -- Does politics come before science in current government decision making? -- Should government restrict the publication of unclassified but "sensitive" research? -- Should the Internet be neutral? -- UNIT 2. The environment -- Should society act now to halt global warming? -- Is it time to revive nuclear power? -- Will hydrogen replace fossil fuels for cars? -- UNIT 3. Human health and welfare -- Do falling birth rates pose a threat to human welfare? -- Is there sufficient scientific research to conclude that cell phones cause cancer? -- Should DDT be banned worldwide? -- Should potential risks slow the development of nanotechnology? -- Are genetically modified foods safe to eat? -- UNIT 4. Space -- Should we expand efforts to find near-earth objects? -- Will the search for extraterrestrial life ever succeed? -- Is "manned space travel" a delusion? -- UNIT 5. The computer revolution -- Does the Internet strengthen social connections? -- Does the spread of surveillance technology threaten privacy? -- Should the world’s libraries be digitized? -- UNIT 6. Ethics -- Is the use of animals in research justified? -- Is it ethically permissible to clone human cells? -- Is wind power green? -- Are "space sunshades" a possible answer to global warming? 
650 0 |a Science  |x Social aspects 
650 0 |a Technology  |x Social aspects 
653 |a Khoa học 
653 |a Công nghệ 
653 |a Xã hội 
700 1 |a Easton, Thomas A. 
OWN |a LSP 
AVA |a UDN50  |b LSP  |d 306.45 Ta-S  |e available  |t Error 5001 Not defined in file expand_doc_bib_avail.  |f 1  |g 0  |h N  |i 0  |k 1 
999 |a From the UDN01 
AVA |a UDN50  |b LSP  |d 306.45 Ta-S  |e available  |t Error 5001 Not defined in file expand_doc_bib_avail.  |f 1  |g 0  |h N  |i 0  |k 1 
TYP |a Monograph 
TYP |a Printed language 
980 |a Mạng thư viện Đại học Đà Nẵng